Science Quiz

Random Science or Biology Quiz
Score 0/22 Timer 05:00
0 Plays Today
% Correct
Pyruvate
87%
Oxaloacetate
85.5%
Citrate
85%
Pyruvate dehydrogenase
83.4%
Malate
83%
Acetyl-CoA
82.5%
Malate dehydrogenase
81.9%
Fumarate
80.3%
Succinate
79.2%
α-ketoglutarate
79.2%
Citrate synthase
79%
% Correct
Aconitase (1)
77.7%
α-ketoglutarate dehydrogenase
75.3%
Succinyl-CoA synthetase
75.2%
Aconitase (2)
75%
Succinyl-CoA
74%
cis-Aconitate
73.7%
Isocitrate dehydrogenase
70.8%
Fumarase
70.4%
D-Isocitrate
70.2%
Succinic dehydrogenase
69.3%
Pyruvate carboxylase
69%
Remove Ads.
Support Sporcle.
Get the best of Sporcle when you Go Orange. This ad-free experience offers more features, more stats, and more fun while also helping to support Sporcle. Thank you for becoming a member.

You're not logged in!

Compare scores with friends on all Sporcle quizzes.
OR
Log In

Sporcle TV

Today on Sporcle TV


Watch our educational content, quiz creation guides, and fun videos on Sporcle TV.

Show Comments

Extras

Top Quizzes Today


Score Distribution

Paid Content

Your Account Isn't Verified!

In order to create a playlist on Sporcle, you need to verify the email address you used during registration. Go to your Sporcle Settings to finish the process.

Report this User

Report this user for behavior that violates our Community Guidelines.

Details: